| 000 | 00000nam 2200000zi 4500 |
| 001 | 9.905107 |
| 003 | CaOODSP |
| 005 | 20230331090531 |
| 006 | m o d f |
| 007 | cr |n||||||||| |
| 008 | 211119e20211115oncd o f000 0 fre d |
| 020 | |a9780660410098 |
| 040 | |aCaOODSP|bfre|erda|cCaOODSP |
| 043 | |an-cn--- |
| 086 | 1 |aM144-311/2021F-PDF |
| 245 | 00|aSensibilisation, connaissances et attitudes des canadiens par rapport aux véhicules à émission zéro (VEZ) : |brapport final / |cpréparé à l’intention de Ressources naturelles Canada ; nom de la firme de recherche : les Associés de recherche Ekos Inc. |
| 264 | 1|a[Ottawa] : |bRessources naturelles Canada = Natural Resources Canada, |c15 novembre 2021. |
| 264 | 4|c©2021 |
| 300 | |a1 ressource en ligne (67 pages) : |bgraphiques en couleur + |esommaire (7 pages) |
| 336 | |atexte|btxt|2rdacontent/fre |
| 337 | |ainformatique|bc|2rdamedia/fre |
| 338 | |aressource en ligne|bcr|2rdacarrier/fre |
| 500 | |aPublié aussi en anglais sous le titre : Canadians' awareness, knowledge and attitudes related to zero emission vehicles (ZEVs) : final report. |
| 500 | |a« Numéro de contrat : 23483-220220/001/CY. » |
| 500 | |a« Numéro d’enregistrement : ROP 021-21. » |
| 650 | 6|aVéhicules électriques|zCanada|xOpinion publique. |
| 650 | 6|aOpinion publique|zCanada. |
| 710 | 1 |aCanada. |bRessources naturelles Canada, |eorganisme de publication. |
| 710 | 2 |aAssociés de recherche Ekos, |eorganisme de publication. |
| 775 | 08|tCanadians' awareness, knowledge and attitudes related to zero emission vehicles (ZEVs) : |w(CaOODSP)9.905106 |
| 794 | |tSensibilisation, connaissances et attitudes des Canadiens par rapport aux véhicules à émission zéro (VEZ) - 2022 : |w(CaOODSP)9.917096 |
| 856 | 40|qPDF|s1.72 Mo|uhttps://publications.gc.ca/collections/collection_2022/rncan-nrcan/M144-311-2021-fra.pdf|zRapport final |
| 856 | 40|qPDF|s881 Ko|uhttps://publications.gc.ca/collections/collection_2022/rncan-nrcan/M144-311-2021-1-fra.pdf|zSommaire |